Bravo - The Hits 2004 - Statistiken

Allgemein
  • Dieses Quiz wurde 119 mal gespielt
  • Das Durchschnittsergebnis liegt bei 12 aus 41
Antwortstatistiken
Song Interpret % Korrekt
Symphonie Silbermond
75%
Geile Zeit Juli
74%
Hey Ya! OutKast
70%
Dragostea Din Tei O-Zone
61%
Behind Blue Eyes Limp Bizkit
57%
Augen Auf! Oomph!
55%
Liebe Ist Alles Rosenstolz
52%
This Love Maroon 5
51%
Shut Up The Black Eyed Peas
46%
Call On Me Eric Prydz
45%
Mein Teil Rammstein
40%
Left Outside Alone Anastacia
39%
Me Against The Music Britney Spears Feat. Madonna
38%
Can't Wait Until Tonight Max Mutzke
34%
F*ck It (I Don't Want You Back) Eamon
31%
Powerless (Say What You Want) Nelly Furtado
30%
Space-Taxi Stefan Raab Feat. Spucky, Kork & Schrotty
30%
Burn Usher
29%
My Place Nelly
28%
Obsesión Aventura
25%
Just One Last Dance Sarah Connor Feat. Natural
25%
Walkampf Die Toten Hosen
24%
These Words (I Love You, I Love You) Natasha Bedingfield
21%
Nemo Nightwish
19%
Sommerregen Die Fantastischen Vier
17%
Turn Me On Kevin Lyttle
16%
Mad World Michael Andrews Feat. Gary Jules
15%
Suga Suga Baby Bash
14%
Here I Am Alexander Klaws
13%
Open Road Bryan Adams
12%
Pump It Up Danzel
11%
Tellin' You Goodbye Jeanette
11%
Sag Mir - Was Meinst Du? Yvonne Catterfeld
11%
Don't Tell Me Avril Lavigne
8%
Move Ya Body Nina Sky
7%
Baby It's You JoJo Feat. Bow Wow
6%
Tough Enough Vanilla Ninja
6%
Stand My Ground Within Temptation
4%
Runaway Groove Coverage
2%
Dumb The 411
1%
Alles Was Bleibt Patrick Dewayne
0%
Keine übereinstimmenden Quizze gefunden
Verteilung der Resultate
Anzahl Personen mit jedem Resultat
Perzentil nach korrekt beantworteten Fragen
Ihre Resultats-Entwicklung
Sie haben dieses Quiz noch nicht gespielt